| 000 | 02901 a2200253 4500 | ||
|---|---|---|---|
| 999 |
_c10749 _d10749 |
||
| 020 | _a9781455744626 | ||
| 050 |
_aRB43 _b.CIB 2014 |
||
| 100 |
_aCibas, Edmund S. _eauthor |
||
| 245 |
_aCytology : _bdiagnostic principles and clinical correlates / _cEdmund S. Cibas and Barbara S. Ducatman |
||
| 250 | _aForth edition | ||
| 264 |
_a Philadelphia, PA: _bElsevier/Saunders, _c 2014 |
||
| 300 |
_axiii, 559 pages _b1 online resource (xiii, 560 pages) : color illustrations |
||
| 336 |
_1text _atxt _brdacontent |
||
| 337 |
_1unmediated _2n _ardamedia |
||
| 338 |
_1volume _2nc _ardacarrier |
||
| 440 | _aClinical Key | ||
| 504 | _alncludes index | ||
| 505 | _a Cervical and vaginal cytology / Edmund S. Cibas Respiratory tract / Christopher A. French Urine and bladder washings / Andrew A. Renshaw Pleural, pericardial, and peritoneal fluids / Edmund S. Cibas Peritoneal washings / Edmund S. Cibas Cerebrospinal fluid / Edmund S. Cibas Gastrointestinal tract / Gamze Ayata and Helen H. Wang Fine-needle aspiration technique and specimen handling / Amy Ly Breast / Barbara S. Ducatman and Helen H. Wang Thyroid / Edmund S. Cibas Salivary gland / Jeffrey F. Krane and William C. Faquin Lymph nodes / Tad J. Wieczorek and Paul E. Wakely Jr Liver / Barbara S. Ducatman Pancreas and biliary tree / Martha Bishop Pitman Kidney and adrenal gland / Andrew A. Renshaw and Edmund S. Cibas Ovary / Edmund S. Cibas Soft tissue / Xiaohua Qian Laboratory management / Edmund S. Cibas | ||
| 520 | _aFully updated, the 4th edition of Cytology helps you apply the latest diagnostic techniques for the interpretation of a complete range of cytological specimens. This medical reference book offers you quick access to the newest methods and adjunct tests, all in a brief, highly readable format that makes quick work of reviewing the key information available on this powerful yet minimally invasive method. It's a perfectly practical bench manual for trainees and practicing pathologists alike! Take advantage of comprehensive yet concise coverage of nearly every type of cytology, including gynecologic, non-gynecologic, and FNA. Understand the clinical implications of your diagnoses and better equip yourself to make effective interpretations with clinical correlations emphasized throughout. Make the most informed reporting decisions through an in-depth analysis of common diagnostic pitfalls. Quickly find the answers you need with succinct, bulleted text, valuable clinical pearls, and useful summaries of key points. Gain real-life perspective on a complete range of cytologic findings with over 700 crystal-clear, full-color illustrations. Search the complete contents anytime, anywhere with online access to Expert Consult | ||
| 650 | _aCytological Techniques | ||
| 650 | _aHEALTH & FITNESS Diseases General | ||
| 700 |
_a Ducatman, Barbara S. _eauthor |
||
| 942 |
_2lcc _cBK _h43 _iCIB _kRB |
||